|
|
|
|
| LEADER |
00000nab a2200000 a 4500 |
| 001 |
vtls001517367 |
| 003 |
SK-MaSNL |
| 005 |
20260304171213.0 |
| 008 |
050303c xo 0 slo |
| 015 |
|
|
|a SNBCL2005/2
|
| 035 |
|
|
|a SLK030413
|
| 040 |
|
|
|a SLKCL
|b slo
|c SNKBUCL
|e AACR2
|
| 041 |
|
|
|a slo
|
| 044 |
|
|
|a xo
|c SK
|
| 080 |
|
|
|a 614.2:340.111.5:362.1
|2 1981
|
| 100 |
1 |
|
|a Kostič, Martin
|4 aut
|9 1261444
|
| 245 |
1 |
0 |
|a Praktické aspekty systému manažérstva kvality v ambulanciách
|c Martin Kostič, František Križanovič
|
| 650 |
0 |
7 |
|a ambulantná starostlivosť
|2 MESH
|9 16081
|
| 650 |
0 |
7 |
|a zabezpečenie kvality zdravotníckej starostlivosti
|2 MESH
|9 1074877
|
| 650 |
0 |
7 |
|a zákonodarstvo lekárske
|2 MESH
|9 1421548
|
| 650 |
0 |
7 |
|a lekárska etika
|2 MESH
|9 794
|
| 650 |
0 |
7 |
|a pracovná sila
|2 MESH
|9 2342
|
| 700 |
1 |
|
|a Križanovič, František
|4 aut
|9 1115376
|
| 773 |
0 |
|
|w SERIAL_GENERAL*000732*2004*004*001
|t Ambulantná terapia
|g Október 2004, s. 51
|
| 850 |
|
|
|a Slovenská lekárska knižnica v Bratislave
|a BA006
|
| 852 |
|
|
|a BA006
|b KIS3GCP
|b 000500000
|
| 999 |
|
|
|c 2992180
|d 2994110
|